00864nam a2200253Ia 4500003000400000005001700004008004100021020001500062040001800077041000800095082002100103100003200124245005300156250001200209260005000221300003000271650003700301650003700338650004200375650004000417942002500457999001900482952010900501OSt20230904105201.0210716s2002 xx 000 0 und d a8126502398 cAIMIT LIBRARY aeng a005.44 21bNEGC aNegus, Christopher.9132410 aRed hat linux 7.2 bible /cby Christopher Nigus. a1st ed. aNew Delhi :bIDG Books India (P) Ltd ,c2002. axxiv,1040 p.;bPBc25 cm. aInstalling red hat linux9132411 aWorking with the desktop9132412 aPublishing with red hat linux9132413 aAdministering red hat linux9132414 2ddccBKk005.44 NEGC c184717d184717 001040708MCAaAIMITbAIMITd2021-07-16l0o005.44 NEGCpMCA04225r2025-07-21 00:00:00w2021-07-16yBK